| 000 | 00591nam a2200193Ia 4500 | ||
|---|---|---|---|
| 003 | OSt | ||
| 005 | 20240914114151.0 | ||
| 008 | 210210b1974 xxu||||| |||| 00| 0 eng d | ||
| 040 | _cAL | ||
| 041 | _aKannada | ||
| 082 | _aK894.3 GORB | ||
| 100 |
_aGORURU RAMASVAMI AIYYANGAR. _dಗೊರೂರು ರಾಮಸ್ವಾಮಿ ಅಯ್ಯಂಗಾರ್ _9179142 |
||
| 245 |
_aBhutayyana maga ayyu. _bಭೂತಯ್ಯನ ಮಗ ಅಯ್ಯು |
||
| 260 |
_aMaisuru _bSharada Mandira _c1974 |
||
| 300 | _a60 | ||
| 690 |
_aKannada Fiction _9179143 |
||
| 906 | _aSG00172 | ||
| 942 |
_2ddc _cBK |
||
| 999 |
_c111330 _d111330 |
||